01159nam a2200349 b 4500001001000000003000900010005001700019007001000036008002800046017000900074020001500083035000600098040002500104080000600129082002800135100002200163245012000185260004800305300002600353490002200379534004900401590002700450600000600477650003100483650003100514700002900545700003400574910004000608942001200648952013400660999001500794 00506668DO-SdBNP20231017125233.0 00506668960916s1996 sp ||| ||spa  a b  a8422659026 a  aBPMSUbspacBPMSUe  0a  4a833.91 bP476p 19962221 aPestum, Jod1936-13aEl pirata en el tejado /cJo Pestum ; traducción de Elsa Alfonso Mori ; ilustraciones de Julio Gutiérrez Mash  aBarcelona : bCírculo de Lectores, c1996 a126 p.: bil.;c21 cm0 aEl barco de vapor aTítulo original : tDer Pirat auf dem Dach aInventarioado, 2023/VM 24 4aCuentos juveniles alemanes 4aPiratasvCuentos juveniles1 aAlfonso Mori, Elsa etr. aGutiérrez Mas, Julio eil.  aVMateo V. Control de calidad. BPMSU 2ddccBK 00102ddc40708CI-GaBPMETbBPMETd2016-04-08eFUNDIl0oBPMSU CJG 833.91 P476p 1996pBPMSU16040233r2016-04-08w2016-04-08yBK c9641d9641